Culture Générale - Série 2158 - Statistiques

Statistiques générales
  • Ce quiz a été pris 89 fois
  • Le résultat moyen est 4 sur 10
Statistiques - réponses
Question Réponse % Correct
Idéal, vue politique ou sociale qui ne tient pas compte de la réalité - 6 lettres commençant par " u " utopie
88%
Selon Corneille, à vaincre sans lui, on triomphe sans gloire péril
76%
« Les sanglots longs des violons de l’automne blessent mon cœur d’une langueur monotone. » Ces vers sont extraits d’un poème de : prénom et nom Paul Verlaine
68%
Dans la mythologie grecque, quel animal est l'emblème de la déesse Athéna ? chouette
46%
Qui a écrit "Le capitaine Fracasse" en 1863 ? prénom et nom Théophile Gautier
43%
Le "majeur" est le plus long des cinq doigts de la main également appelé ... médius
27%
Accabler quelqu'un, quelque chose d'une lourde charge financière - 6 lettres commençant par " o " obérer
26%
Grand chenet de cuisine, comportant un récipient et des crochets latéraux - anagramme "irlande" landier
23%
Dans la mythologie grecque, comment s'appelait le précepteur de Télémaque et l'ami d'Ulysse ? Mentor
13%
Couteau traditionnel espagnol de combat et à lame rabattable - voir photo navaja
13%
Aucun quiz correspondant
Distribution des résultats
% des personnes avec chaque résultat
Percentile par nombre de réponses
Votre historique - résultats
Vous n’avez pas pris ce quiz